Wahrzeichen von Ländern Quiz #3 - Statistiken

Allgemein
  • Dieses Quiz wurde 15.011 mal gespielt
  • Das Durchschnittsergebnis liegt bei 10 aus 22
Antwortstatistiken
Wahrzeichen Land % Korrekt
Times Square Vereinigte Staaten
99%
Schloss Neuschwanstein Deutschland
90%
Olymp Griechenland
90%
Schloss Schönbrunn Österreich
84%
Matterhorn Schweiz / Italien
81%
Nordkap Norwegen
62%
Zuckerhut Brasilien
56%
Maharadschapalast Indien
53%
Chichén Itzá Mexiko
50%
Hadrianswall Vereinigtes Königreich
49%
Manneken Pis Belgien
42%
Blarney Castle Irland
42%
Imam-Ali-Moschee Irak
38%
Shibuya Japan
38%
Blaue Lagune (Bláa Lónið) Island
31%
Felsendom Israel / Palästina
28%
Milford Sound Neuseeland
23%
Victoriafälle Simbabwe / Sambia
23%
Aquädukt von Segovia Spanien
22%
Denkmal der Entdeckungen Portugal
17%
Steinwald / Shilin China
15%
Sokotra Jemen
10%
Keine übereinstimmenden Quizze gefunden
Verteilung der Resultate
Anzahl Personen mit jedem Resultat
Perzentil nach korrekt beantworteten Fragen
Ihre Resultats-Entwicklung
Sie haben dieses Quiz noch nicht gespielt